000 00203 a2200097 4500
001 29407
100 _a
245 _aEnglish grammar book II
260 _a
_bCollier Macmillan
_c
090 _c19620
_d19620
942 _aNUST-CAE
_cM
_c10692
999 _c264480
_d264480